Riconosci il Pokémon - Quiz n°390 - Statistics

Statistiche generali
  • Questo quiz è stato fatto 0 volte
  • Il punteggio medio è 0 su 10
Statistiche sulle risposte
Indizio Risposta % Corretto
Altezza 1,2 m
0%
Peso 15,0 kg
0%
Sesso 50% ♂, 50% ♀
0%
Tasso di cattura 60 (14.8%)
0%
Pokémon Drifblim
0%
Tasso di allevamento Fluttuante
0%
Stadio evoluzione Prima evoluzione
0%
Generazione Quarta
0%
Abilità Scoppio; Agiltecnica; Bruciaimpeto
0%
Tipo Spettro / Volante
0%
Nessun quiz corrispondente trovato
Distribuzione punteggi
Percentuale di utenti per punteggio
Percentile per numero di risposta
I tuoi punteggi nel tempo
Non hai fatto questo quiz